000 00598nam a2200205 4500
003 OSt
005 20240701060119.0
006 a
008 240701b |||||||| |||| 00| 0 eng d
020 _a978012374861
040 _aDWCL-HMN lib.
_cOC
082 _aCirc. 664.028 H474f 2011
100 _aHeldman, Dennis R.
245 _aFood preservation process design /
260 _aAmsterdan :
_bAcademic Press,
_cc2011.
300 _aix,
_b354 p. : ill. ;
_c24 cm.
504 _aIncludes bibliographical references & index.
650 _a1. Food-Preservation.
942 _2ddc
_n0
_cBK-CIRC
_kCirc.
999 _c1708
_d1708